000 00341 a2200145 4500
001 121475
020 _a9788540308756
040 _cEscola Canadense de Niteroi
100 _aMaria Amélia Vieira
245 1 0 _aViver Valores - Linguagem 5 Anos
362 0 _a2018
490 0 _aViver Valores
650 4 _aLíngua Portuguesa
942 _cBK
999 _c121475
_d121475